000 00533nam a2200193 a 4500
005 20191224042333.0
008 140221b2000 sz ||||| |||| 00| 0 spa d
020 _a2831706343
040 _aCO-BoIAVH
_cCO-BoIAVH
041 _aspa
044 _asz
082 1 _a346.04695816
_bC28c
245 0 0 _aCategorías y Criterios de la Lista Roja de la UICN:
_bversión 3.1
260 _aGland:
_bIUCN,
_c2001.
300 _a33 páginas.
650 1 _aListas rojas UICN
650 1 _aCategorías UICN
942 _cFolleto
_2ddc
999 _c19799
_d19799